000 00393ntaaa2200157 4500
003 01
005 20251027201956.0
008 0714s1973 ag 01
040 _aAR-BaBN
_bspa
_cAR-BaBN
_eaacr
_dRIC
082 _a254.5000 C26
245 _aLibro de registro de miembros de la iglesia
250 _a1 ed.
260 _aEl Paso :
_bCBP,
_c1965
650 _aIglesia-Membresía
_918209
942 _cBK
999 _c14508
_d14508